00689nam a2200217Ia 4500999001700000001000600017003000900023005001700032008004100049020001800090040001300108082002700121100002200148245010000170260003900270300001100309546000700320700002000327942002000347952010400367 c21353d2135321034PK-LaUMT20221004142409.0140408s9999 xx 000 0 und d a0-8213-2964-2 cPK-LaUMT aW 658.159209667bARY-S aAmoah Baah-Nuakoh aSupply and demand for finance of small enterprises in GhanacAmoah Baah-Nuakoh<>Ernest Aryeetey aWashington,USA:bWorld Bank,c1994 a112 p. aEN aErnest Aryeetey cWEEDED OUT2ddc 00104070a01b01d2014-04-08l0oW 658.159209667 ARY-Sp4276r2014-04-23 00:00:00w2014-04-23yBK